| 000 | 00929cam a2200301 i 4500 | ||
|---|---|---|---|
| 999 |
_c200443956 _d62168 |
||
| 001 | 200443956 | ||
| 003 | TR-AnTOB | ||
| 005 | 20220707164321.0 | ||
| 007 | ta | ||
| 008 | 040527s1984 tu m b b 0 0 tur d | ||
| 035 | _a(TR-AnTOB)200443956 | ||
| 040 |
_aBGZ _beng _erda _cBGZ _dTR-AnTOB |
||
| 041 | 0 | _atur | |
| 050 | 4 |
_aHF5804 _b.İ37 1984 |
|
| 090 |
_aHF5804 _b.İ37 1984 |
||
| 245 | 0 | 0 |
_aİhracatta reklamın önemi ve uygulanması / _cHazırlayan:Beratiye Öncü. |
| 264 | 1 |
_a[Ankara] : _bİGEME, _c[1984]. |
|
| 300 |
_a37 pages : _billustrations ; _c22 cm |
||
| 336 |
_atext _btxt _2rdacontent |
||
| 337 |
_aunmediated _bn _2rdamedia |
||
| 338 |
_avolume _bnc _2rdacarrier |
||
| 650 | 7 |
_aReklamcılık _2etuturkob _972685 |
|
| 700 | 1 |
_aÖncü, Beratiye _eeditor _9129652 |
|
| 710 | 2 |
_aİhracatı Geliştirme Etüd Merkezi (Turkey) _918691 |
|
| 942 |
_2lcc _cBK |
||